Представление документа в формате RUSMARC

Поле Инд. ПП Название Значение
Тип записи a
Библиографический уровень a
001 Контрольный номер 09df22553e4e46fe8cec2eeee8d2b9ed
005 Дата корректировки 20181120134553.6
100 a Данные общей обработки 20180821 ||| 0rusy0189 ca
101 0_ a Язык текста rus
102 a Страна публикации RU
200 1_ f Первые сведения об ответственности И.М. Шевченко
a Заглавие К вопросу о понижении очередности удовлетворения (субординации) требований кредиторов в делах о банкротстве
210 d Дата издания 2018
461 _0 1 2000
a Российский судья
463 _0 1 2000
a №3
v С. 10-14
1 2101
d 2018
1 00116f14ab4b610419dafd3beaeda6577f5
606 a Основная рубрика Гражданское и торговое право
610 0_ a Ключевые слова НЕСОСТОЯТЕЛЬНОСТЬ (БАНКРОТСТВО)
700 _1 a Фамилия Шевченко
b Имя И.М.
801 _0 a Страна RU
b Организация РГУП
c Дата составления 20180821
g Правила каталогизации PSBO
801 _1 a Страна RU
b Организация РГУП
c Дата составления 20180821
g Правила каталогизации PSBO
901 t Тип документа b
w Контрольный № источника 16f14ab4b610419dafd3beaeda6577f5
905 a Дата ввода 20180821